000 00624nam a2200181Ia 4500
008 090124s9999 xx 000 0 und d
082 _b101436
100 _aफाटक दत्तात्रेय लक्ष्मण
245 _a जाईच्या कळ्या
250 _a1
260 _c1937
300 _a142
600 _aफाटक दत्तात्रेय लक्ष्मण
630 _a जाईच्या कळ्या
700 _aफाटक दत्तात्रेय लक्ष्मण
730 _a जाईच्या कळ्या
942 _cBOOK
999 _c147528
_d147528